000 00388pam a2200145 a 4500
020 _a0534915809
050 0 0 _aQA154.2
_b.K36 1989
100 1 _aKaufmann, Jerome E.
245 1 0 _aAlgebra for college students /
_cJerome E. Kaufmann.
250 _a3rd ed.
260 _aBoston :
_bPWS-KENT Pub. Co.,
_cc1989.
300 _axv, 673, 56 p. :
500 _aIncludes index.
942 _2lcc
_cGEN
999 _c10460
_d10460